| 000 | 00445cam a2200193ua 4500 | ||
|---|---|---|---|
| 001 | 9539 | ||
| 008 | 160128n ii |||gr||||Z||||||eng | ||
| 020 | _a9788125940562 | ||
| 040 | _cMAIN | ||
| 041 | _aeng | ||
| 082 | _a651.7 | ||
| 100 |
_aMadhukar, R K, _eAuthor. |
||
| 245 |
_aBusiness communication _cby R K Madhukar |
||
| 250 | _a2nd ed. | ||
| 260 |
_aNoida: _bVikas, _c2013. |
||
| 300 | _a427p. | ||
| 653 | _aOffice services | ||
| 942 | _cBK | ||
| 999 |
_c8571 _d8571 |
||